|
|
|
|
| LEADER |
00627cam a22001694a 4500 |
| 008 |
990701s2000 caua 001 0 eng |
| 020 |
|
|
|a 0124454607 (acidfree paper)
|
| 080 |
|
|
|a 510
|b LEV
|
| 100 |
1 |
|
|a Levine, Alan
|9 5576
|
| 245 |
1 |
0 |
|a Discovering higher mathematics :
|b four habits of highly effective mathematicians /
|c Alan Levine.
|
| 260 |
|
|
|a San Diego :
|b Harcourt/Academic Press,
|c c2000.
|
| 300 |
|
|
|a xvii, 174 p. :
|b ill. ;
|
| 500 |
|
|
|a Includes index.
|
| 650 |
|
0 |
|a Mathematics.
|
| 942 |
|
|
|c BK
|6 _
|
| 999 |
|
|
|c 219250
|d 219250
|
| 952 |
|
|
|0 0
|1 0
|4 0
|6 510_LEV
|7 0
|9 283825
|a MAT
|b MAT
|d 2010-03-17
|o 510 LEV
|p MAT07371
|r 2010-03-17
|t 1
|w 2010-03-17
|y BK
|